The architect's guide to running a job / (Record no. 549189)

000 -LEADER
fixed length control field 00581nam a2200169 a 4500
020 ## - INTERNATIONAL STANDARD BOOK NUMBER
International Standard Book Number 0851390617
082 00 - DEWEY DECIMAL CLASSIFICATION NUMBER
Classification number 720.68
Author Mark GRE
-- L-39, P-65
100 1# - MAIN ENTRY--PERSONAL NAME
Personal name Green, Ronald,
9 (RLIN) 45730
245 14 - TITLE STATEMENT
Title The architect's guide to running a job /
Statement of responsibility, etc. Ronald Green ; with a foreword by Sir Hugh Casson.
250 ## - EDITION STATEMENT
Edition statement 4th ed.
260 ## - PUBLICATION, DISTRIBUTION, ETC.
Place of publication, distribution, etc. London ;
-- Boston :
Name of publisher, distributor, etc. Butterworth Architecture,
Date of publication, distribution, etc. c1986
300 ## - PHYSICAL DESCRIPTION
Extent viii, 159 p. :
Other physical details ill. ;
Dimensions 24 cm.
526 ## - STUDY PROGRAM INFORMATION NOTE
Program name 0
Interest level 0
Reading level 0
Title point value 720_680000000000000_GRE
650 #0 - SUBJECT ADDED ENTRY--TOPICAL TERM
Topical term or geographic name entry element Architectural practice
General subdivision Handbooks, manuals, etc.
9 (RLIN) 45731
650 #0 - SUBJECT ADDED ENTRY--TOPICAL TERM
Topical term or geographic name entry element MCE
9 (RLIN) 379
942 ## - ADDED ENTRY ELEMENTS (KOHA)
Source of classification or shelving scheme
Koha item type Book
Holdings
Withdrawn status Lost status Source of classification or shelving scheme Damaged status Not for loan Permanent Location Current Location Date acquired Total Checkouts Total Renewals Full call number Barcode Date last seen Date last checked out Price effective from Koha item type
          Military College of Engineering (MCE) Military College of Engineering (MCE) 09/18/2014 1 1 720.68 GRE MCE-41562 01/21/2015 10/13/2014 09/18/2014 Book
© 2023 Central Library, National University of Sciences and Technology. All Rights Reserved.